Gods | Sleep Token Lyrics - Statistics

General Stats
  • This quiz has been taken 6 times
  • The average score is 115 of 138
Answer Stats
Answer % Correct
a
100%
all
100%
And
100%
and
100%
do
100%
f*cking
100%
feels?
100%
fire
100%
from
100%
heavens
100%
I
100%
it
100%
It's
100%
like
100%
Like
100%
me
100%
My
100%
see
100%
so
100%
the
100%
way
100%
You
100%
you
100%
always
80%
am
80%
asunder
80%
beneath
80%
but
80%
can
80%
easy
80%
for
80%
form
80%
gaze
80%
Gods
80%
into
80%
is
80%
past
80%
surface
80%
Tearing
80%
their
80%
them
80%
to
80%
well?
80%
wreck
80%
again
60%
alone
60%
are
60%
avert
60%
beg
60%
beside
60%
bite
60%
Carving
60%
'Cause
60%
'cause
60%
chances
60%
count
60%
faces
60%
I'm
60%
joke's
60%
laughing
60%
more
60%
No
60%
on
60%
out?
60%
people
60%
smiling
60%
taking
60%
talk
60%
teeth
60%
there
60%
too
60%
want
60%
watch
60%
with
60%
(Eternally,
40%
eternally)
40%
No matching quizzes found
Score Distribution
Percent of People with Each Score
Percentile by Number Answered
Your Score History
You have not taken this quiz